Statystyki dla 15 największych miast w Polsce(pod wględem ludności)

Kliknij tutaj aby rozwiązać quiz!

Ogólne statystyki

  • Ten quiz został rozwiązany 46 razy
  • Średni wynik to 13 z 15

Statystyki odpowiedzi

HintOdpowiedź% Poprawnych
800000Kraków
100%
1860000Warszawa
100%
486000Gdańsk
98%
244000Gdynia
95%
289000Katowice
95%
546000Poznań
95%
672000Wrocław
95%
337000Bydgoszcz
90%
294000Białystok
88%
670000Łódź
88%
334000Lublin
88%
396000Szczecin
86%
198000Rzeszów
83%
208000Radom
60%
215000Częstochowa
57%

Rozkład punktacji

Percentyl według liczby udzielonych odpowiedzi

Procent ludzi z każdym wynikiem

Twoja historia wyników

Nie rozwiązałeś tego quizu